Aplikácia vzťahového marketingu v podmienkach podniku Plasty Slovakia, s.r.o. diplomová práca

Guardado en:
Detalles Bibliográficos
Autor principal: Miškovič, Lukáš
Autor Corporativo: Ekonomická univerzita v Bratislave. Podnikovohospodárska fakulta so sídlom v Košiciach
Otros Autores: Šimegh, Peter
Formato: Libro
Lenguaje:eslovaco
Publicado: Košice 2009
Etiquetas: Agregar Etiqueta
Sin Etiquetas, Sea el primero en etiquetar este registro!

MARC

LEADER 00000nam$a2200000$$$4500
001 0111390
005 20160627115919.8
041 0 |a slo 
044 |a SK 
245 1 0 |a Aplikácia vzťahového marketingu v podmienkach podniku Plasty Slovakia, s.r.o.  |b diplomová práca  |c Lukáš Miškovič ; škol. Peter Šimegh 
264 1 |a Košice  |c 2009 
300 |a 76 s. 
100 1 |a Miškovič, Lukáš 
700 1 |a Šimegh, Peter 
710 2 |a Ekonomická univerzita v Bratislave. Podnikovohospodárska fakulta so sídlom v Košiciach